01374nam a2200301 a 450000100100000000500170001000800410002702000150006804000250008304100380010808200150014610000260016124000980018724501760028526000470046130000260050849000420053450400320057650000670060853401080067570000370078370000250082070000390084583000490088404900090093395201130094299900170105500002517420200930023616.0110208s1976 mx r 000 |aspa d a9508850086 aDO-SdBNPbspacBNPHU afrehspa2Código de idioma MARC axxxbT858B1 aBrossat, Alain951644 0aAux origines de la révolution permanente la pensée politique du jeune Trotsky.lEspañol10aEn los orígenes de la revolución permanente :bel pensamiento político del joven Trotski /cAlain Brossat ; traducción Dolores Sacristán y José Manuel López. aMéxico, D. F. :bSiglo Veintiuno,c1976. avi., 280 p. ;c21 cm. aBiblioteca del Pensamiento Socialista aBibliografía : p. 277-280 aIncluye notas y referencia bibliográfica al pie de páginas aTítulo original :tAux origines de la révolution permanente la pensée politique du jeune Trotsky.1 aSacristán, Doloresetr.9516451 aTrotsky, Leon9487831 aLópez, José Manueletr.951646 0aBiblioteca del Pensamiento Socialista951647 aBNGR 001050718MOaGRbGRcCTd2011-02-10iLF1l0oxxx T858Bp25174-10r2020-06-25w2020-06-25y1ZNo se presta c24667d24667